Exposiciones Maroto : Madrid-Barcelona, febrero y abril de 1925 : catálogo : Madrid, Palacio de Bibliotecas y Museos, Barcelona, Salón Dalmau Madrid-Barcelona, febrero y abril de 1925 : catálogo : Madrid, Palacio de Bibliotecas y Museos, Barcelona, Salón Dalmau

Publicat: [Barcelona?] : [editor no identificat] , 1925
Descripció física: 4 pàgines, 7 fulls de làmines : il·lustracions ; 25 cm
Idioma: Espanyol

MARC

LEADER 00000nam a2200000 a 4500
001 24859
005 20260324181126.0
008 990326s1925 sp |||a|||||c 00| ||spa|c
080 |a FU-72-2 
245 0 0 |a Exposiciones Maroto :  |b Madrid-Barcelona, febrero y abril de 1925 : catálogo : Madrid, Palacio de Bibliotecas y Museos, Barcelona, Salón Dalmau 
260 |a [Barcelona?] :  |b [editor no identificat],  |c 1925 
300 |a 4 pàgines, 7 fulls de làmines :  |b il·lustracions ;  |c 25 cm 
600 0 |a Maroto, Gabriel García,  |d 1889-1969  |2 lemac  |9 53610  |v Exposicions 
710 2 |a Palacio de Bibliotecas y Museos (Madrid)  |9 53611 
710 2 |a Galeries Dalmau  |9 53612 
908 |a MNAC 
942 |2 udc  |c ARXIU  |n 1 
952 |0 0  |1 0  |4 0  |6 FU722  |7 1  |9 62521  |a Arxiu  |b Arxiu  |d 2022-06-22  |l 0  |o FU-72-2  |p 24859  |r 2022-06-22 00:00:00  |w 2022-06-22  |y ARXIU 
999 |c 82125  |d 82125